| 000 | 01707nam a22002177a 4500 | ||
|---|---|---|---|
| 999 |
_c64105 _d64105 |
||
| 003 | Ge_BSU | ||
| 005 | 20260407171422.0 | ||
| 008 | 260407s2022 ge ||||| |||| 00| 0 geo d | ||
| 020 | _a9789941087875 | ||
| 041 | _ageo | ||
| 080 | _a343.22(479.22)(072)(075.8) დ-24 | ||
| 100 |
_aდაუთაშვილი, პეტრე _97857 |
||
| 245 |
_aინდივიდუალური სამართლებრივი სიკეთის ხელყოფის კვალიფიკაციის სისხლისსამართლებრივი, საერთო და სპეციალური მაკვალიფიცირებელი და სუბსუმციის ნიშნების საკანონმდებლო და სასჯელის შეფარდებასთან დაკავშირებული ზოგიერთი პრობლემა : _bდამხმარე სასწავლო-მეთოდური და პრაქტიკული სახელმძღვანელო / _cპეტრე დაუთაშვილი; რედაქტორი ეკა ბესელია; სოხუმის სახელმწ. უნ-ტი. |
||
| 250 | _aმეორე გამოცემა | ||
| 264 |
_aთბილისი, _b _c2022. |
||
| 300 |
_a236 გვ. ; _b20 სმ. |
||
| 653 | _aდანაშაულის კვალდაკვალ | ||
| 700 |
_aბესელია, ეკა _eრედაქტორი _95909 |
||
| 710 |
_aსოხუმის სახელმწ. უნ-ტი _927263 |
||
| 942 |
_2udc _cᲬᲘᲒᲜᲘ |
||